[Event "Sochi Amateur U12 op 6th"]
[Site "Sochi"]
[Date "2019.04.13"]
[Round "9"]
[White "Gasparov, Sergo G"]
[Black "Kobylyansky, Vladimir"]
[Result "0-1"]
[WhiteElo "1414"]
[BlackElo "1492"]
[PlyCount "46"]
[EventDate "2019.04.07"]
[EventType "swiss"]
[EventRounds "9"]
[EventCountry "RUS"]
[SourceTitle "EXT 2021"]
[Source "ChessBase"]
[SourceDate "2020.10.23"]
[SourceVersion "1"]
[SourceVersionDate "2020.10.23"]
[SourceQuality "1"]

1. e4 c5 2. Nf3 Nc6 3. d4 cxd4 4. Nxd4 g6 5. Nc3 Bg7 6. Be3 d6 7. f3 Nf6 8. Qd2 0-0 9. 0-0-0 Bd7 10. Bc4 Rc8 11. Bb3 Nxd4 12. Bxd4 b5 13. g4 a5 14. g5 Nh5 15. Bxg7 Nxg7 16. a4 bxa4 17. Nxa4 Ne6 18. h4 Bxa4 19. Bxa4 Nc5 20. h5 Nxa4 21. hxg6 Qb6 22. gxf7+ Rxf7 23. b3 Qxb3 0-1

[Event "Sochi Amateur U12 op 6th"]
[Site "Sochi"]
[Date "2019.04.12"]
[Round "8"]
[White "Korolev, Nikolay"]
[Black "Gasparov, Sergo G"]
[Result "0-1"]
[WhiteElo "1517"]
[BlackElo "1414"]
[PlyCount "50"]
[EventDate "2019.04.07"]
[EventType "swiss"]
[EventRounds "9"]
[EventCountry "RUS"]
[SourceTitle "EXT 2021"]
[Source "ChessBase"]
[SourceDate "2020.10.23"]
[SourceVersion "1"]
[SourceVersionDate "2020.10.23"]
[SourceQuality "1"]

1. e4 c5 2. Nc3 Nc6 3. f4 g6 4. Nf3 Bg7 5. Bc4 e6 6. d3 Nge7 7. 0-0 0-0 8. Qe1 d5 9. Bb3 Na5 10. Bd2 Nxb3 11. axb3 b6 12. Qg3 Bb7 13. Qh3 Qd7 14. Be1 dxe4 15. dxe4 Nc6 16. Bh4 Nd4 17. Rad1 Qc7 18. Rd2 Qxf4 19. Be7 Nxf3+ 20. Qxf3 Qxd2 21. Bxf8 Rxf8 22. Rd1 Qxc2 23. Rd7 Bd4+ 24. Kf1 Ba6+ 25. Ne2 Qd1# 0-1